000 00776nas a2200265 4500
001 BR9804963
003 BR-BrBNA
005 20231205101128.0
007 ta
008 230509b bl.|||p| |||| 00| 00por d
040 _aBR-BrBNA
_bpor
_cBiblioteca Nacional de Agricultura
041 _a(Pt)
072 _aL70
100 1 _aBaccarin, R.Y.A.
100 1 _aAlvarenga, J. de
100 1 _aFantoni, D.T.
100 1 _aSilva, L.C.L.C. da
245 1 _aToracotomia em equinos sob anestesia com ventilacao mecanica controlada
650 _aEquino
650 _aToracotomia
650 _aAnestesia
773 0 _tCiencia Rural (Brazil)
_xISSN 0103-8478
_g(Apr-Jun 1998), v. 28(2) p. 263-270
_wBR9804963
909 _a202311
_bLúcia
_c55
_dLúcia Elande
942 _2AGRIS
_n0
_cANA
999 _c159911
_d159911